Vista normal
Vista MARC
Entrada Personal Name
Número de registros utilizados en: 1
001 - CONTROL NUMBER
- control field: 17941
003 - CONTROL NUMBER IDENTIFIER
- control field: DLC
005 - DATE AND TIME OF LATEST TRANSACTION
- control field: 20260319152837.0
008 - FIXED-LENGTH DATA ELEMENTS
- fixed length control field: 241119n| azannaabn |a aaa c
010 ## - LIBRARY OF CONGRESS CONTROL NUMBER
- LC control number: ns2024003282
035 ## - SYSTEM CONTROL NUMBER
- System control number: (CaEvSKY)skya13444971
040 ## - CATALOGING SOURCE
- Original cataloging agency: MX-AgUA
- Language of cataloging: spa
- Description conventions: rda
- Transcribing agency: Mx-PuUPA
- Modifying agency: Mx-PuUPA
100 1# - HEADING--PERSONAL NAME
- Personal name: Roca Chiapas, José María de la,
370 ## - ASSOCIATED PLACE
- Other associated place: Aguascalientes (México)
- Source of term: naf
372 ## - FIELD OF ACTIVITY
- Field of activity: Stress (Psychology)
- Source of term: lcsh
373 ## - ASSOCIATED GROUP
- Associated group: Universidad Autónoma de Aguascalientes. Centro de Ciencias Sociales y Humanidades. Departamento de Psicología
374 ## - OCCUPATION
- Occupation: Profesor universitario
- Occupation: Autor
- Source of term: lcsh
375 ## - GENDER
- Gender: hombre
377 ## - ASSOCIATED LANGUAGE
- Language code: spa
400 1# - SEE FROM TRACING--PERSONAL NAME
- Personal name: Chiapas, José María de la Roca
400 1# - SEE FROM TRACING--PERSONAL NAME
- Personal name: De la Roca Chiapas, José María
400 1# - SEE FROM TRACING--PERSONAL NAME
- Personal name: La Roca Chiapas, José María de
670 ## - SOURCE DATA FOUND
- Source citation: Análisis de sesgo metodológico y de género en investigación sobre el estrés y su afrontamiento, 2024:
- Information found: screen (José María de la Roca Chiapas; Universidad Autónoma de Aguascalientes. Centro de Ciencias Sociales y Humanidades. Departamento de Psicología; PhD in psychology)